अनिकेत. (Record no. 258775)

MARC details
000 -LEADER
fixed length control field 00579nam a2200181Ia 4500
008 - FIXED-LENGTH DATA ELEMENTS--GENERAL INFORMATION
fixed length control field 090630s9999 xx 000 0 und d
082 ## - DEWEY DECIMAL CLASSIFICATION NUMBER
Item number 6919
100 ## - MAIN ENTRY--PERSONAL NAME
Personal name कर्णिक मधु मंगेश.
245 ## - TITLE STATEMENT
Title अनिकेत.
Statement of responsibility, etc कर्णिक मधु मंगेश.
260 ## - PUBLICATION, DISTRIBUTION, ETC. (IMPRINT)
Name of publisher, distributor, etc सन.
Date of publication, distribution, etc 1981
300 ## - PHYSICAL DESCRIPTION
Extent 122
600 ## - SUBJECT ADDED ENTRY--PERSONAL NAME
Personal name कर्णिक मधु मंगेश.
630 ## - SUBJECT ADDED ENTRY--UNIFORM TITLE
Uniform title अनिकेत.
655 ## - INDEX TERM--GENRE/FORM
Genre/form data or focus term लघुकथा.
700 ## - ADDED ENTRY--PERSONAL NAME
Personal name कर्णिक मधु मंगेश.
730 ## - ADDED ENTRY--UNIFORM TITLE
Uniform title अनिकेत.
942 ## - ADDED ENTRY ELEMENTS (KOHA)
Koha item type Book
Holdings
Withdrawn status Lost status Damaged status Not for loan Home library Current library Date acquired Cost, normal purchase price Total Checkouts Full call number Barcode Date last seen Cost, replacement price Price effective from Koha item type
        Sarvajanik Wachanalaya Shrivardhan Sarvajanik Wachanalaya Shrivardhan   20.00   6919 SAWASHRI-6919 06/30/2009 20.00 06/30/2009 Book